Vista normal Vista MARC

Entrada Personal Name

Número de registros utilizados en: 2

001 - CONTROL NUMBER

  • control field: 64847

003 - CONTROL NUMBER IDENTIFIER

  • control field: OSt

005 - DATE AND TIME OF LATEST TRANSACTION

  • control field: 20250910223303.0

008 - FIXED-LENGTH DATA ELEMENTS

  • fixed length control field: 250910|| aca||aabn | a|a d

040 ## - CATALOGING SOURCE

  • Original cataloging agency: OSt
  • Transcribing agency: OSt

100 ## - HEADING--PERSONAL NAME

  • Personal name: Pernas, Ramón

670 ## - SOURCE DATA FOUND

  • Source citation: Work cat.: (OSt)59127: Irazusta, María aut 64845, Las 101 embarradas del español :









Instituto Departamental de Cultura del Meta - Red Departamental de Bibliotecas Públicas del Meta.